|
书名:
|
会计新辞典
|
|
|
作者:
|
陈毓圭
,
杨小舟
主编
|
|
出版信息:
|
北京
经济科学出版社
1993.06
|
|
开本页数:
|
19cm 
23,680页
|
|
丛书名:
|
|
|
单 册:
|
|
|
中图分类:
|
F:Z
|
|
科图分类:
|
|
|
主题词:
|
经济--辞典
|
|
电子资源:
|
|
|
ISBN:
|
7-5058-0602-5
|
|
000
|
00743nam0 2200253 45
|
|
001
|
TLS9404921
|
|
005
|
20060317144522.50
|
|
009
|
TLS9404921
|
|
010
|
|
@a7-5058-0602-5@b精装@dCNY23.00
|
|
100
|
|
@a19941011d1993 em y0chiy0120 ea
|
|
101
|
0
|
@achi
|
|
102
|
|
@aCN@b110000
|
|
105
|
|
@ay el 000yy
|
|
200
|
1
|
@a会计新辞典@AKuai Ji Xin Ci Dian@f陈毓圭,杨小舟主编@Fchen yu gui,yang xiao zhou zhu bian
|
|
210
|
|
@a北京@c经济科学出版社@d1993.06
|
|
215
|
|
@a23,680页@d19cm
|
|
300
|
|
@a书末附: 会计改革纲要(试行)等。
|
|
300
|
|
@a王家明等撰稿。
|
|
606
|
|
@a经济@x辞典
|
|
690
|
|
@aF:Z@v3
|
|
701
|
0
|
@a陈毓圭@AChen Yu Gui@4主编
|
|
701
|
0
|
@a杨小舟@AYang Xiao Zhou@4主编
|
|
801
|
0
|
@aCN@bPUL@c20060317
|
|
905
|
|
@a10447@dF:Z@e85
|
|
|
|
|
| |
| 会计新辞典/陈毓圭,杨小舟主编.-北京:经济科学出版社,1993.06 |
| 23,680页;19cm |
| 书末附: 会计改革纲要(试行)等。.-王家明等撰稿。 |
| |
| ISBN 7-5058-0602-5(精装):CNY23.00 |
| |
| ● |
正题名:会计新辞典
索取号:F:Z/85
 
预约/预借
| 序号
|
登录号
|
条形码
|
馆藏地/架位号
|
状态
|
备注
|
|
1
|
76979
|
200769793
|
柳城-5楼工具书/49架5列1层/
[索取号:F:Z/85]
|
在馆
|
|
|
2
|
76980
|
200769800
|
柳城-5楼工具书/49架5列1层/
[索取号:F:Z/85]
|
在馆
|
|